Headway : Pre-Intermediate : Student's Book /

Gespeichert in:
Bibliographische Detailangaben
1. Verfasser: Soars, John
Weitere Verfasser: Soars, Liz
Format: Sách giấy
Sprache:English
Veröffentlicht: Oxford : Oxford University Press , 1991
Tags: Tag hinzufügen
Keine Tags, Fügen Sie den ersten Tag hinzu!
Thư viện lưu trữ: Thư viện Trường Đại học Đà Lạt
LEADER 00605nam a2200253 4500
001 DLU020001153
005 ##1/23/1999
020 # # |a 0-19-433987-4 
041 # # |a eng 
082 # # |a 428  |b SO-J 
100 # # |a Soars, John 
245 # # |a Headway :  |b Pre-Intermediate : Student's Book /  |c John & Liz Soars 
260 # # |a Oxford :  |b Oxford University Press ,  |c 1991 
300 # # |a 143 tr.;   |c 28 cm. 
700 # # |a Soars, Liz 
992 # # |a 19000 
994 # # |a DLU 
900 # # |a False 
911 # # |a Administrator 
925 # # |a G 
926 # # |a A 
927 # # |a SH 
980 # # |a Thư viện Trường Đại học Đà Lạt